101 Movie 'F' Words Quiz Stats

 Plays Quiz Updated Nov 20, 2017

Challenge
Share
Tweet
Embed
Score 0/101 Timer 11:00
6 Plays Today
% Correct
Forrest
91%
Factory
91%
Finding
90.9%
Fu
90.8%
Fiction
90.7%
Furious
90.7%
Future
90.6%
Fourth
90.1%
Flew
90%
Funeral
89.7%
Fever
89.7%
Fatal
89.6%
Ferris
89.5%
Forever
89.2%
Fight
89.1%
Framed
89%
Fair
89%
Front
88.7%
From
88.3%
Force
87.8%
Fockers
87.8%
Few
87.3%
Father
87.2%
Full
86.2%
Fire
85.2%
Fear
84.9%
Fellowship
84.8%
Final
84.8%
Face
84.8%
Fun
84.4%
French
84.3%
Falcon
84.1%
Frosty
84%
Family
83.8%
% Correct
Fell
82.7%
Forgetting
82.2%
Frog
81.7%
Failure
80.7%
Famous
80.4%
Fast
80.1%
Fury
78.9%
Femme
78%
First
77.9%
Fields
76.3%
Farewell
76.2%
Fahrenheit
76.2%
Fantastic
76.1%
Faith
74.6%
Foot
74.6%
Five
73.9%
Fuzz
73.3%
Flight
72.7%
Fievel
72.5%
Favorite
72.3%
Fern
72.1%
Friday
71.7%
Funny
70.9%
Fortune
70.6%
Fabulous
70.4%
Fischer
70.3%
Fool's
68.7%
Fink
67.4%
Fort
67%
Flying
65.2%
Fred
63.9%
False
63.6%
Facts
63.2%
Figures
62.8%
% Correct
Fox
62.2%
Fingers
60.5%
Foreign
59.4%
Flamingos
59.2%
Fugitive
57.1%
Féminin
56.9%
Foxy
56.4%
Forty
55.8%
Flags
54.2%
Feathers
53.3%
Frankenstein
52.1%
Fright
52%
Forbidden
51.8%
Freedom
51.3%
Fritz
51.1%
Fish
48.1%
Far
47.9%
Fries
47.1%
Follows
46.6%
Finest
46.5%
Frogtown
44.3%
Frozen
36.7%
Fist
35%
Fate
33.9%
Fearless
29.1%
Fix
26%
Floating
19%
Freud
16.2%
Footlight
15.5%
Friend
14.9%
Fat
13.3%
Fake
13.2%
Flirtation
7.8%

You're not logged in!

Compare scores with friends on all Sporcle quizzes.
Join for Free
OR
Log In

You Might Also Like...

Show Comments

Extras

Top Quizzes Today


Score Distribution

Your Account Isn't Verified!

In order to create a playlist on Sporcle, you need to verify the email address you used during registration. Go to your Sporcle Settings to finish the process.

Report this User

Report this user for behavior that violates our Community Guidelines.

Details: